=LDR 00000nam 2200000 4500 =001 000403 =005 20250710032649 =035 ##$$a 0010-0725000265 =007 ta =008 250710################a##########0#ind## =020 ##$$a 978-602-244-944-7 =100 #$$a Goeyardi debby =245 1#$$a Karena anggrek ibu /$c Debby loekito goeyardi =250 ##$$a Cetakan pertama =260 ##$$a Cipete :$b Kementeeian pendidikan, kebudayaan, riset, dan teknologi,$c 2022 =300 ##$$a 47. : $b Ilus. ; $c 21 cm. =700 #$$a Hanaya widyasari =990 ##$$a TBM01280128